| 000 | 01118nam a2200169Ia 4500 | ||
|---|---|---|---|
| 008 | 100122s9999 xx 000 0 und d | ||
| 082 |
_b67210 _a821 |
||
| 100 | _aसावरकर विनायक दामोदर | ||
| 245 | _aअग्निनृत्य ( क.क्र.26/4 ) | ||
| 260 |
_bस्वा.सावरकर राष्ट्रीय स्मारक समिती _c2005 |
||
| 300 | _a180 | ||
| 520 | _a"स्वदेश, पोवाडे, निसर्ग चित्र, स्तवने, सामाजिक व्यथा, स्वातंत्र्य, क्रांती, बंदिवास, हिंदू, अज्ञेय" | ||
| 620 | _a"स्वदेश, पोवाडे, निसर्ग चित्र, स्तवने, सामाजिक व्यथा, स्वातंत्र्य, क्रांती, बंदिवास, हिंदू, अज्ञेय" | ||
| 630 | _aअग्निनृत्य ( क.क्र.26/4 ) | ||
| 730 | _aअग्निनृत्य ( क.क्र.26/4 ) | ||
| 942 | _cBOOK | ||
| 999 |
_c439425 _d439422 |
||